Countries Least Similar To Nigeria - Statistics

General Stats
  • This quiz has been taken 23 times
  • The average score is 12 of 20
Answer Stats
Rank Country Score % Correct
5 Canada 41.2
80%
15 Denmark 43.5
80%
5 Norway 41.2
80%
9 Sweden 42.3
80%
20 Australia 45.0
75%
18 Germany 43.8
75%
1 Japan 37.2
75%
7 Finland 41.3
70%
3 Iceland 40.8
70%
19 Italy 44.9
60%
9 New Zealand 42.3
60%
16 Austria 43.6
55%
14 Belgium 43.4
55%
8 South Korea 41.8
55%
2 Switzerland 40.3
55%
13 Netherlands 43.2
50%
11 Estonia 43.0
45%
16 Luxembourg 43.6
45%
4 Taiwan 41.1
35%
12 Israel 43.1
20%
No matching quizzes found
Score Distribution
Percent of People with Each Score
Percentile by Number Answered
Your Score History
You have not taken this quiz